[Event "English Open 2025"]
[Site "Kenilworth ENG"]
[Date "2025.07.20"]
[Round "5.35"]
[White "Myall, Ivan J"]
[Black "Rughani, Mahin"]
[Result "0-1"]
[WhiteElo "1948"]
[BlackElo "1854"]
[WhiteFideId "425168"]
[BlackFideId "343417060"]
[EventDate "2025.07.18"]

1. e4 c6 2. c4 d5 3. cxd5 cxd5 4. exd5 Nf6 5. Qa4+ Nbd7 6. Nc3 g6 7. Bc4 Bg7 8.
d4 O-O 9. Qb3 a6 10. a4 Nb6 11. a5 Nxc4 12. Qxc4 b5 13. axb6 Qxb6 14. Qc6 Qb8
15. Nge2 Bb7 16. Qc5 Qd8 17. O-O Nxd5 18. Nxd5 Qxd5 19. Qxd5 Bxd5 20. Nc3 Bc4
21. Re1 e6 22. Ra4 Bb3 23. Ra3 Bc2 24. Re2 Bd3 25. Rd2 Bc4 26. b3 Bb5 27. Bb2
Bc6 28. Na4 Rfd8 29. Nb6 Rab8 30. Nc4 Bb5 31. Ne3 Rd7 32. h3 Rbd8 33. Nc2 e5 34.
Ra1 h5 35. Na3 exd4 36. Nxb5 axb5 37. Ra5 Rd5 38. Kf1 Re8 39. Ra1 Red8 40. Rd3
Bf6 41. Rad1 Kf8 42. Ke2 Be5 43. Kf3 Ke7 44. Re1 Kd6 45. Ba3+ Ke6 46. g3 f5 47.
Kg2 Kf7 48. Bb4 Bf6 49. Red1 Rc8 50. Bc3 dxc3 51. Rxd5 c2 52. Rc1 Bb2 53. Re1
c1=Q 54. Rxc1 Rxc1 55. Rxb5 Rc2 56. Rd5 Ke6 57. Rd1 Bf6 58. Re1+ Kf7 59. Rd1 Ke6
60. g4 fxg4 61. hxg4 hxg4 62. Kg3 Kf5 63. Rd5+ Be5+ 64. f4 gxf3+ 65. Kxf3 Rc3+
66. Kg2 Rxb3 67. Rd8 g5 68. Rf8+ Kg4 69. Rc8 Rb2+ 70. Kf1 Kf3 71. Rc1 Ra2 72.
Kg1 Ra1 73. Rf1+ Rxf1+ 74. Kxf1 Bd4 0-1

[Event "English Open 2025"]
[Site "Kenilworth ENG"]
[Date "2025.07.20"]
[Round "5.36"]
[White "Vaddhireddy, Sai"]
[Black "Kendall, Arthur"]
[Result "1-0"]
[WhiteElo "1946"]
[BlackElo "1883"]
[WhiteFideId "499560"]
[BlackFideId "343410960"]
[EventDate "2025.07.18"]

1. d4 Nf6 2. c4 g6 3. g3 Bg7 4. Bg2 O-O 5. Nc3 d6 6. Nf3 c5 7. d5 e6 8. O-O exd5
9. cxd5 a6 10. a4 Re8 11. Bf4 Ne4 12. Nxe4 Rxe4 13. Nd2 Rxf4 14. gxf4 Nd7 15.
Nc4 Qc7 16. e4 Rb8 17. Qd2 b5 18. axb5 Rxb5 19. Rfe1 Nb6 20. Nxb6 Rxb2 21. Na8
Rxd2 22. Nxc7 Bxa1 23. Rxa1 c4 24. Kf1 c3 25. Rc1 Bg4 26. f3 c2 27. Ke1 Rxg2 28.
fxg4 Rxg4 29. Rxc2 Rxf4 30. Re2 Kf8 31. Nxa6 Ke7 32. Nb4 Kd7 33. Nd3 Rf3 34. Kd2
Rh3 35. Rf2 Ke7 36. Ne1 Ra3 37. Nd3 Ra4 38. Ke3 h6 39. Rf4 Ra2 40. Rf2 Ra4 41.
Nb2 Rb4 42. Kd3 Rb3+ 43. Kd4 Rh3 44. Nc4 Rh4 45. Nxd6 Kxd6 46. Rxf7 Rg4 47. h3
Rh4 48. Rh7 g5 49. Rf7 h5 50. Rg7 Rf4 51. Rxg5 h4 52. Rg7 Rf7 53. e5+ Ke7 54.
d6+ Ke6 55. Rxf7 Kxf7 56. Kd5 Ke8 57. e6 Kd8 58. Kc6 Ke8 59. e7 Kf7 60. Kd7 1-0

[Event "English Open 2025"]
[Site "Kenilworth ENG"]
[Date "2025.07.20"]
[Round "5.37"]
[White "Keerthi Kumar, Advait"]
[Black "Lapidus, Alexey M."]
[Result "1-0"]
[WhiteElo "1873"]
[BlackElo "1867"]
[WhiteFideId "498033"]
[BlackFideId "24276111"]
[EventDate "2025.07.18"]

1. e4 c5 2. Nf3 d6 3. d4 cxd4 4. Nxd4 Nf6 5. f3 e5 6. Nb5 a6 7. N5c3 Be6 8. Be3
Nbd7 9. Bd3 Nb6 10. O-O d5 11. exd5 Nfxd5 12. Bf2 Qc7 13. Kh1 Be7 14. Re1 Rd8
15. Qc1 h6 16. Be3 Bg5 17. Bxg5 hxg5 18. Ne4 f6 19. c3 Kf7 20. Nbd2 Rh6 21. Nf1
a5 22. Qc2 Nd7 23. Rad1 Rc8 24. Qf2 Ke7 25. Bb1 Qb6 26. Qd2 Rc6 27. Neg3 g6 28.
Ne4 Nf4 29. a3 Nc5 30. b4 axb4 31. axb4 Nxe4 32. Bxe4 Rc8 33. Bb1 Rhh8 34. Qb2
Rc7 35. Ng3 Bd5 36. c4 Be6 37. Ne4 Rxc4 38. Nxf6 Rxb4 39. Qxe5 Rd8 40. Rxd8 Qxd8
41. Ng8+ Ke8 42. Bxg6+ Nxg6 43. Qxe6+ Kf8 44. Qxg6 Rb6 45. Qh7 Qd2 46. Re8+ Kxe8
47. Qe7# 1-0

[Event "English Open 2025"]
[Site "Kenilworth ENG"]
[Date "2025.07.20"]
[Round "5.38"]
[White "Vaidyanathan, Sathya"]
[Black "Gunarathne, Senith Thenula"]
[Result "0-1"]
[WhiteElo "1878"]
[BlackElo "1876"]
[WhiteFideId "490539"]
[BlackFideId "343104324"]
[EventDate "2025.07.18"]

1. e4 c5 2. Nc3 Nc6 3. Bb5 Nd4 4. Nf3 a6 5. Bd3 g6 6. b4 Nxf3+ 7. Qxf3 cxb4 8.
Nd5 Bg7 9. Rb1 e6 10. Ne3 Ne7 11. Bb2 Bxb2 12. Rxb2 Nc6 13. Ng4 O-O 14. h4 f5
15. exf5 exf5 16. Ne3 d6 17. h5 Qf6 18. hxg6 Ne5 19. Bc4+ Nxc4 20. Nxc4 Be6 21.
Qg3 Bxc4 22. gxh7+ Kh8 23. Rb1 f4 24. Qh4 Qxh4 25. Rxh4 a5 26. Ra1 Rae8+ 27. Kd1
Re7 28. d3 Bd5 29. a3 Rxh7 30. Rxh7+ Kxh7 31. axb4 axb4 32. Rb1 Bxg2 33. Rxb4
Kg6 34. Rd4 Rf6 35. c4 Kf5 36. c5 dxc5 37. Rc4 b6 38. Kc2 Rd6 39. Kd2 Kg4 40.
Ra4 Kf3 41. Re4 Bf1 42. Re8 Kxf2 43. Rf8 f3 0-1

[Event "English Open 2025"]
[Site "Kenilworth ENG"]
[Date "2025.07.20"]
[Round "5.39"]
[White "Anjulan, Ashwin"]
[Black "Gibson, Christopher A"]
[Result "0-1"]
[WhiteElo "1880"]
[BlackElo "1837"]
[WhiteFideId "343411622"]
[BlackFideId "414697"]
[EventDate "2025.07.18"]

1. e4 c5 2. Nc3 Nc6 3. Bb5 Nd4 4. Nf3 a6 5. Bd3 g6 6. b4 Nxf3+ 7. Qxf3 cxb4 8.
Nd5 Bg7 9. Rb1 e6 10. Ne3 Ne7 11. a3 Nc6 12. O-O O-O 13. axb4 b5 14. Bb2 Bb7 15.
Bxg7 Kxg7 16. Qg3 Kh8 17. e5 Qb8 18. f4 f5 19. exf6 Rxf6 20. Qh4 Qd8 21. Rf3 Rf7
22. Qh6 Nd4 23. Rh3 Nf5 24. Qxg6 Rg7 25. Bxf5 Rxg6 26. Bxg6 h6 27. Rf1 Qb6 28.
Bd3 Kg7 29. f5 Rf8 30. Rg3+ Kh8 31. f6 Qd4 32. Rg6 Qh4 33. Ng4 h5 34. Rh6+ Kg8
35. Ne3 Qxb4 36. Bg6 Qxd2 0-1

[Event "English Open 2025"]
[Site "Kenilworth ENG"]
[Date "2025.07.20"]
[Round "5.40"]
[White "Hertog, Alexander"]
[Black "Clark, Robert G"]
[Result "1-0"]
[WhiteElo "1950"]
[BlackElo "2037"]
[WhiteFideId "488453"]
[BlackFideId "421162"]
[EventDate "2025.07.18"]

1. d4 Nf6 2. c4 c5 3. d5 e6 4. Nc3 exd5 5. cxd5 d6 6. Nf3 g6 7. Nd2 Nbd7 8. e4
Bg7 9. Be2 O-O 10. O-O Re8 11. Qc2 a6 12. a4 Rb8 13. Re1 h6 14. h3 g5 15. Nc4
Ne5 16. Nxe5 Rxe5 17. f4 gxf4 18. Bxf4 Re8 19. Bf3 Nh7 20. Qf2 Ng5 21. Qg3 Re5
22. Bg4 Bxg4 23. Qxg4 Qe7 24. Bxe5 Qxe5 25. h4 Nh7 26. Rf1 Nf6 27. Qf4 Re8 28.
Qxe5 Rxe5 29. Rf4 Nh5 30. Rf3 Re7 31. g3 Bd4+ 32. Kg2 Nf6 33. Re1 Ng4 34. Re2
Ne5 35. Rf6 Nc4 36. Rxh6 Kg7 37. Rh5 Nxb2 38. Rxb2 Bxc3 39. Rb3 Bb4 40. Rg5+ Kh7
41. Rf5 b5 42. axb5 a5 43. Kf3 c4 44. Rb2 c3 45. Ra2 Rc7 46. b6 Rb7 47. Ke2 Kg7
48. Kd3 Rxb6 49. g4 Rb7 50. h5 Rc7 51. g5 Ba3 52. Rf6 Bb2 53. Kc2 Rc4 54. h6+
Kg8 55. Rxa5 Rxe4 56. Ra8+ Kh7 57. Rxf7+ Kg6 58. Rg7+ Kf5 59. Rf8+ Kg4 60. Rf2 1-0

[Event "English Open 2025"]
[Site "Kenilworth ENG"]
[Date "2025.07.20"]
[Round "5.41"]
[White "Ellson, Louie"]
[Black "Bolt, Graham"]
[Result "1/2-1/2"]
[WhiteElo "1854"]
[BlackElo "1942"]
[WhiteFideId "343442056"]
[BlackFideId "410438"]
[EventDate "2025.07.18"]

1. d4 g6 2. c4 Bg7 3. e4 d6 4. Nc3 e5 5. Nf3 Nc6 6. d5 Nce7 7. Be2 f5 8. b4 Nf6
9. Nd2 O-O 10. a4 c6 11. a5 cxd5 12. cxd5 fxe4 13. Ndxe4 Bf5 14. f3 Rc8 15.
Nxf6+ Rxf6 16. Ne4 Bxe4 17. fxe4 Rf8 18. Be3 a6 19. Rc1 Rxc1 20. Qxc1 Qd7 21.
Qd1 h6 22. Bf2 Kh7 23. O-O Ng8 24. Qd2 Nf6 25. Bd3 Ng4 26. Bh4 Rxf1+ 27. Bxf1 h5
28. h3 Bh6 29. Bg5 Bxg5 30. Qxg5 Nh6 31. Qf6 Ng8 32. Qf2 Kg7 33. Qb6 Nf6 34. Bd3
Kh6 35. Kh2 h4 36. Qf2 Kg7 37. Qxh4 Qa4 38. Qe1 Qb3 39. Qd2 Nh5 40. g3 Nf6 41.
g4 Nh7 42. g5 Nxg5 43. Qxg5 Qxd3 44. Qe7+ Kh6 45. Qxd6 Qe2+ 46. Kg3 Qe3+ 47. Kg2
Qxe4+ 48. Kf2 Qf4+ 49. Kg2 Qd2+ 50. Kf3 Qd3+ 51. Kg2 Qf5 52. Qc5 e4 53. Qe3+ Kh7
54. d6 Kg8 55. d7 Qxd7 56. Qxe4 Kg7 57. Qe5+ Kh7 58. Qe4 Kh6 59. Kg3 Kg7 1/2-1/2

[Event "English Open 2025"]
[Site "Kenilworth ENG"]
[Date "2025.07.20"]
[Round "6.1"]
[White "Adams, Michael"]
[Black "Royal, Shreyas"]
[Result "1-0"]
[WhiteTitle "GM"]
[BlackTitle "GM"]
[WhiteElo "2654"]
[BlackElo "2484"]
[WhiteFideId "400041"]
[BlackFideId "448869"]
[EventDate "2025.07.18"]

1. e4 e5 2. Nf3 Nf6 3. Nxe5 d6 4. Nf3 Nxe4 5. d4 d5 6. Bd3 Bf5 7. O-O Be7 8. Re1
O-O 9. Nbd2 Nd6 10. Nf1 c6 11. Bf4 Bxd3 12. Qxd3 Na6 13. Ng3 Nc7 14. h4 Ne6 15.
Be5 Re8 16. h5 f6 17. Bxd6 Bxd6 18. Nf5 Qd7 19. N3h4 Nf8 20. Qf3 Bc7 21. Qg4 Kh8
22. g3 Qf7 23. Kg2 Rad8 24. c3 a5 25. Rh1 Re4 26. Ng6+ Nxg6 27. hxg6 Rxg4 28.
gxf7 Re4 29. Rae1 g6 30. Rxh7+ 1-0

[Event "English Open 2025"]
[Site "Kenilworth ENG"]
[Date "2025.07.20"]
[Round "6.2"]
[White "Shearsby, Jude"]
[Black "Vitiugov, Nikita"]
[Result "0-1"]
[WhiteTitle "CM"]
[BlackTitle "GM"]
[WhiteElo "2224"]
[BlackElo "2671"]
[WhiteFideId "462527"]
[BlackFideId "4152956"]
[EventDate "2025.07.18"]

1. e4 e6 2. d4 d5 3. Nc3 Bb4 4. e5 c5 5. a3 Bxc3+ 6. bxc3 Nc6 7. Nf3 Nge7 8. Bd3
Qa5 9. O-O c4 10. Be2 Bd7 11. Bd2 O-O-O 12. a4 f6 13. exf6 gxf6 14. Qc1 Ng6 15.
Qa3 Qc7 16. Rfb1 Na5 17. Bf1 h5 18. h4 b6 19. g3 Rhf8 20. Bg2 Rde8 21. Re1 Kb7
22. Qc1 Bc6 23. Qd1 Ka6 24. Bc1 Rg8 25. Qd2 Nb7 26. Qh6 Nd6 27. Qxh5 Ne4 28. Qh6
Rh8 29. Qe3 Reg8 30. a5 b5 31. Nd2 f5 32. Nxe4 dxe4 33. d5 Bxd5 34. Qd4 f4 35.
Rxe4 Rxh4 36. Qf6 Qc6 37. Qf7 Rhh8 38. Re1 Bxg2 0-1

[Event "English Open 2025"]
[Site "Kenilworth ENG"]
[Date "2025.07.20"]
[Round "6.3"]
[White "Willow, Jonah B"]
[Black "Wadsworth, Matthew J"]
[Result "0-1"]
[WhiteTitle "IM"]
[BlackTitle "IM"]
[WhiteElo "2457"]
[BlackElo "2476"]
[WhiteFideId "438804"]
[BlackFideId "415804"]
[EventDate "2025.07.18"]

1. e4 c6 2. d4 d5 3. Nc3 dxe4 4. Nxe4 Nf6 5. Nxf6+ exf6 6. c3 Bd6 7. Bd3 O-O 8.
Qc2 Re8+ 9. Ne2 h5 10. Be3 Nd7 11. O-O-O Nf8 12. c4 Be6 13. Kb1 Rc8 14. a3 a6
15. h3 b5 16. c5 Bb8 17. g4 h4 18. Rhe1 a5 19. d5 Qxd5 20. Bh7+ Nxh7 21. Rxd5
Bxd5 22. Nc3 Bf3 23. Qf5 Bg2 24. Rg1 g6 25. Qd3 Bxh3 26. Ne4 Bh2 27. f3 Bxg1 28.
Bxg1 Rcd8 29. Bd4 Bf1 30. Qxf1 Rxd4 31. Qf2 Rdxe4 32. fxe4 h3 0-1

[Event "English Open 2025"]
[Site "Kenilworth ENG"]
[Date "2025.07.20"]
[Round "6.4"]
[White "Roberson, Peter T"]
[Black "Badacsonyi, Stanley"]
[Result "1/2-1/2"]
[WhiteTitle "IM"]
[BlackTitle "FM"]
[WhiteElo "2433"]
[BlackElo "2318"]
[WhiteFideId "412384"]
[BlackFideId "486973"]
[EventDate "2025.07.18"]

1. e4 e6 2. d4 d5 3. e5 c5 4. c3 Nc6 5. Nf3 Bd7 6. Be2 Nge7 7. O-O cxd4 8. cxd4
Nf5 9. Nc3 a6 10. Bg5 Be7 11. Bxe7 Qxe7 12. Qd2 O-O 13. Rac1 Nh4 14. Nxh4 Qxh4
15. f4 Qd8 16. Bd3 Qb6 17. Ne2 Rac8 18. Kh1 Ne7 19. Nc3 Nc6 20. Rcd1 f5 21. exf6
Rxf6 22. Bb1 Be8 23. h3 Ne7 24. Rf2 Qd6 25. Re1 Bg6 26. Bxg6 hxg6 27. Rfe2 Nf5
28. Re5 Rc4 29. Ne2 Qc7 30. Qd3 Rc2 31. g4 Nd6 32. Ng3 Rc1 33. Qe3 Rxe1+ 34.
Qxe1 Nf7 35. Rxe6 Rxe6 36. Qxe6 Qxf4 37. Kg2 Kh7 1/2-1/2

[Event "English Open 2025"]
[Site "Kenilworth ENG"]
[Date "2025.07.20"]
[Round "6.5"]
[White "Jones, Steven A"]
[Black "Maroroa Jones, Gawain C B"]
[Result "0-1"]
[BlackTitle "GM"]
[WhiteElo "2184"]
[BlackElo "2653"]
[WhiteFideId "419630"]
[BlackFideId "409561"]
[EventDate "2025.07.18"]

1. e4 e5 2. Nf3 Nc6 3. c3 d5 4. Qa4 Bd7 5. exd5 Nd4 6. Qd1 Nxf3+ 7. Qxf3 Nf6 8.
Bc4 b5 9. Bb3 Bd6 10. d4 e4 11. Qe2 O-O 12. Bg5 Re8 13. Nd2 h6 14. Bh4 Bf4 15.
O-O g5 16. Bg3 Bg4 17. Qe1 e3 18. Bxf4 exd2 19. Qxd2 Re2 20. Qc1 gxf4 21. Qxf4
Kg7 22. Bd1 Re8 23. Qg3 Qd6 24. f4 h5 25. Bxg4 hxg4 26. Rfe1 Rxe1+ 27. Rxe1 Qxd5
28. Re5 Qxa2 29. h3 Qxb2 30. hxg4 Re8 31. Rxe8 Nxe8 32. f5 Qc1+ 33. Kh2 Qh6+ 34.
Kg1 Qg5 35. Qe1 Nf6 36. Qe5 c6 0-1

[Event "English Open 2025"]
[Site "Kenilworth ENG"]
[Date "2025.07.20"]
[Round "6.6"]
[White "Ghasi, Ameet K"]
[Black "Merriman, John"]
[Result "1-0"]
[WhiteTitle "GM"]
[BlackTitle "FM"]
[WhiteElo "2511"]
[BlackElo "2194"]
[WhiteFideId "409200"]
[BlackFideId "402362"]
[EventDate "2025.07.18"]

1. Nf3 d5 2. c4 d4 3. b4 g6 4. d3 Bg7 5. g3 e5 6. Nbd2 Ne7 7. Bg2 O-O 8. O-O a5
9. b5 c5 10. bxc6 bxc6 11. Ba3 Na6 12. Nb3 Re8 13. Qd2 a4 14. Nc5 Nf5 15. Ne4 h5
16. Rab1 Ra7 17. Qc2 Qa5 18. Rb2 Bd7 19. Rfb1 Rc8 20. h3 c5 21. Qd2 Qc7 22. Qg5
Be6 23. Qc1 Ne7 24. Nfg5 Bf5 25. Rb6 Bh6 26. Nf6+ Kg7 27. Nxh5+ Kg8 28. Rb7 Rxb7
29. Rxb7 Qd8 30. Nf6+ Kg7 31. Nd5 Nc7 32. Nxf7 Bxc1 33. Nxd8 Nexd5 34. Bxc1 Nc3
35. Bg5 Nxe2+ 36. Kh2 Nc3 37. Nc6 1-0

[Event "English Open 2025"]
[Site "Kenilworth ENG"]
[Date "2025.07.20"]
[Round "6.7"]
[White "Harvey, Marcus R"]
[Black "Merry, Alan B"]
[Result "1/2-1/2"]
[WhiteTitle "IM"]
[BlackTitle "IM"]
[WhiteElo "2445"]
[BlackElo "2400"]
[WhiteFideId "400092"]
[BlackFideId "418811"]
[EventDate "2025.07.18"]

1. e4 c6 2. d4 d5 3. exd5 cxd5 4. c4 Nf6 5. Nc3 g6 6. Qb3 Bg7 7. cxd5 O-O 8. Be2
Nbd7 9. Bf3 Nb6 10. a4 e6 11. dxe6 Bxe6 12. Qd1 Nc4 13. Nge2 Qb6 14. O-O Rad8
15. a5 Nxa5 16. Na4 Qc7 17. Bf4 Qe7 18. Nc5 Bd5 19. Nc3 Bxf3 20. Qxf3 Nh5 21.
Rfe1 Qf6 22. Bc7 Qxf3 23. gxf3 Rxd4 24. Rxa5 b6 25. Rxa7 bxc5 26. Bb6 Rc4 27.
Ne4 Bd4 28. b3 Rb4 29. Bxc5 Bxc5 30. Nxc5 Rc8 31. Ra5 Nf4 32. Re4 Rxe4 33. fxe4
Rd8 34. Ra1 Rd2 35. Rb1 Nh3+ 36. Kg2 Nxf2 37. Kf3 f5 38. exf5 gxf5 39. b4 Rc2
40. Kf4 Kf7 41. Kxf5 Ke7 42. Kf4 Kd6 43. Kg3 Kd5 44. Rf1 Ne4+ 45. Nxe4 Kxe4 46.
Rb1 Rc6 47. h4 h5 48. b5 Rg6+ 49. Kf2 Rb6 50. Ke2 Kd4 51. Kf3 Kc3 52. Ke3 Kc2
53. Rg1 Rxb5 54. Rg5 Rb3+ 55. Ke2 Kc3 56. Ke3 Kc2+ 57. Kf4 Rb4+ 58. Kg3 Rb3+ 59.
Kg2 Kd3 60. Kf3 Kc2+ 61. Kf4 Rb4+ 62. Kg3 Rb3+ 63. Kg2 Kd3 64. Rxh5 Ke4 65. Ra5
Kf4 66. h5 Kg4 67. h6 Rb2+ 68. Kg1 Rb1+ 69. Kf2 Rh1 70. Ra6 Kg5 71. Kg3 Rxh6 72.
Rxh6 Kxh6 1/2-1/2

[Event "English Open 2025"]
[Site "Kenilworth ENG"]
[Date "2025.07.20"]
[Round "6.8"]
[White "Jackson, James P"]
[Black "Carroll, Thomas"]
[Result "1-0"]
[WhiteTitle "IM"]
[WhiteElo "2371"]
[BlackElo "2124"]
[WhiteFideId "416860"]
[BlackFideId "450111"]
[EventDate "2025.07.18"]

1. e4 c6 2. d4 d5 3. Nc3 dxe4 4. Nxe4 Nf6 5. Nxf6+ exf6 6. Be3 Bd6 7. Bd3 O-O 8.
Ne2 Re8 9. O-O Qc7 10. h3 Nd7 11. c4 Nf8 12. Qc2 Ng6 13. Rad1 Bd7 14. c5 Bf8 15.
Nc3 Be6 16. Be4 Rac8 17. b4 Bc4 18. d5 cxd5 19. Nxd5 Bxd5 20. Rxd5 b6 21. Rfd1
bxc5 22. bxc5 Qa5 23. g3 Qb4 24. R1d4 Qe1+ 25. Kg2 h6 26. Ra4 Red8 27. Rxd8 Rxd8
28. Rd4 Rxd4 29. Bxd4 Qb4 30. Be3 Ne5 31. c6 Bd6 32. Bc5 1-0

[Event "English Open 2025"]
[Site "Kenilworth ENG"]
[Date "2025.07.20"]
[Round "6.9"]
[White "Emms, John M"]
[Black "Pereslavtsev, Alexandr"]
[Result "1-0"]
[WhiteTitle "GM"]
[WhiteElo "2417"]
[BlackElo "2040"]
[WhiteFideId "400254"]
[BlackFideId "343401449"]
[EventDate "2025.07.18"]

1. e4 c5 2. Nf3 e6 3. g3 a6 4. Bg2 b5 5. d4 cxd4 6. Nxd4 Bb7 7. O-O Nf6 8. Re1
Bb4 9. c3 Be7 10. a4 Nc6 11. e5 Nd5 12. Bxd5 exd5 13. Nf5 O-O 14. Bf4 Re8 15.
Qg4 g6 16. Nh6+ Kg7 17. Nd2 f6 18. exf6+ Bxf6 19. Nf5+ Kg8 20. Rxe8+ Qxe8 21.
Nd6 1-0

[Event "English Open 2025"]
[Site "Kenilworth ENG"]
[Date "2025.07.20"]
[Round "6.10"]
[White "Khoury, Theo"]
[Black "Hebden, Mark L"]
[Result "0-1"]
[WhiteTitle "CM"]
[BlackTitle "GM"]
[WhiteElo "2229"]
[BlackElo "2355"]
[WhiteFideId "480703"]
[BlackFideId "400084"]
[EventDate "2025.07.18"]

1. e4 e5 2. Nf3 Nc6 3. Bc4 Nf6 4. d3 Be7 5. O-O O-O 6. Nc3 d6 7. a3 a6 8. h3 Be6
9. Nd5 Bxd5 10. exd5 Nb8 11. Re1 Re8 12. Bb3 Nbd7 13. Be3 h6 14. Nh4 Bf8 15. Nf5
Kh7 16. c3 g6 17. Ng3 Bg7 18. d4 exd4 19. Bxd4 Rxe1+ 20. Qxe1 Qf8 21. Qd2 Re8
22. Re1 Nc5 23. Rxe8 Nxe8 24. Bxc5 dxc5 25. Qe3 b6 26. Bc4 b5 27. Be2 f5 28. Qe6
Nd6 29. Qd7 Qc8 30. Qc6 c4 31. a4 Qb7 32. axb5 axb5 33. Qc5 Nc8 34. Nf1 Qb6 35.
Qa3 Nd6 36. Nd2 Qb7 37. Qc5 Bf6 38. Bf3 Qb6 39. Qb4 Bh4 0-1

[Event "English Open 2025"]
[Site "Kenilworth ENG"]
[Date "2025.07.20"]
[Round "6.11"]
[White "Salmons, Calum"]
[Black "Clarke, Brandon G I"]
[Result "0-1"]
[BlackTitle "IM"]
[WhiteElo "2085"]
[BlackElo "2500"]
[WhiteFideId "437280"]
[BlackFideId "400319"]
[EventDate "2025.07.18"]

1. d4 f5 2. g3 Nf6 3. Bg2 e6 4. c4 Be7 5. Nc3 d5 6. cxd5 exd5 7. Qb3 c6 8. Nf3
Qb6 9. Qc2 O-O 10. O-O Ne4 11. a3 a5 12. Be3 Nd7 13. Rfc1 Qd8 14. Ne1 Nb6 15. b3
a4 16. Nxa4 Nxa4 17. bxa4 Qa5 18. Nd3 Qxa4 19. Qxa4 Rxa4 20. f3 Nd6 21. Nc5 Ra7
22. Rc2 Nc4 23. Bc1 b6 24. Nb3 Be6 25. e4 fxe4 26. fxe4 dxe4 27. Bxe4 Nd6 28.
Nd2 Bg5 29. Bxc6 Be3+ 30. Kh1 Rc7 31. Ne4 Bxd4 32. Bb2 Bxb2 33. Rxb2 Rxc6 0-1

[Event "English Open 2025"]
[Site "Kenilworth ENG"]
[Date "2025.07.20"]
[Round "6.12"]
[White "Cont, Arya"]
[Black "Bates, Richard A"]
[Result "1/2-1/2"]
[BlackTitle "IM"]
[WhiteElo "2090"]
[BlackElo "2292"]
[WhiteFideId "26100363"]
[BlackFideId "403555"]
[EventDate "2025.07.18"]

1. Nf3 Nf6 2. g3 g6 3. b3 Bg7 4. Bb2 O-O 5. Bg2 d6 6. d4 b5 7. O-O Bb7 8. Qd3 a6
9. Nbd2 Nbd7 10. c4 bxc4 11. bxc4 Rb8 12. Rab1 Re8 13. Bc3 Ba8 14. Rxb8 Qxb8 15.
e4 e5 16. d5 Nc5 17. Qc2 c6 18. Ne1 cxd5 19. exd5 Bb7 20. Nd3 Qc7 21. Nxc5 Qxc5
22. Qa4 Rc8 23. Bh3 Ra8 24. Rb1 Bc8 25. Bb4 Qc7 26. Bxc8 Rxc8 27. Qxa6 Bf8 28.
Ba5 Qd7 29. Rb7 Qa4 30. Rb3 Rc5 31. Rb5 Qd1+ 32. Kg2 Qe2 33. h3 Nxd5 34. Rb3 e4
35. Qa8 e3 36. Ne4 exf2 37. Nxf2 Qxa2 38. Rb8 Ne3+ 39. Kg1 Qa1+ 1/2-1/2

[Event "English Open 2025"]
[Site "Kenilworth ENG"]
[Date "2025.07.20"]
[Round "6.13"]
[White "Murawski, Jan"]
[Black "Lebedev, Lion"]
[Result "1-0"]
[WhiteTitle "CM"]
[WhiteElo "2191"]
[BlackElo "2048"]
[WhiteFideId "21009287"]
[BlackFideId "551005492"]
[EventDate "2025.07.18"]

1. d4 d5 2. c4 c6 3. Nc3 Nf6 4. Nf3 dxc4 5. a4 Bf5 6. Ne5 Nbd7 7. Nxc4 Qc7 8. g3
e5 9. dxe5 Nxe5 10. Bf4 Nfd7 11. Bg2 g5 12. Ne3 gxf4 13. Nxf5 O-O-O 14. Qc2 Nc5
15. O-O fxg3 16. hxg3 a5 17. Rad1 h5 18. Rxd8+ Qxd8 19. Rb1 Qf6 20. Bh3 Kb8 21.
b4 axb4 22. Rxb4 Bd6 23. Qb1 Ka8 24. a5 Bc7 25. a6 bxa6 26. Bg2 Rd8 27. Na4 Nxa4
28. Rxa4 Ka7 29. Nd4 Bb6 30. e3 Bxd4 31. exd4 Ng4 32. Qa2 c5 33. dxc5 Ne5 34.
Qa1 Rd2 35. Rxa6+ Qxa6 36. Qxe5 Rd1+ 37. Kh2 Qc8 38. Qf4 Qd7 39. c6 Qd6 40. Qxd6 1-0

[Event "English Open 2025"]
[Site "Kenilworth ENG"]
[Date "2025.07.20"]
[Round "6.14"]
[White "Elgar, Tim"]
[Black "Badacsonyi, Frankie"]
[Result "0-1"]
[BlackTitle "FM"]
[WhiteElo "2093"]
[BlackElo "2170"]
[WhiteFideId "343413285"]
[BlackFideId "460400"]
[EventDate "2025.07.18"]

1. c4 e6 2. g3 d5 3. Bg2 Nf6 4. Nf3 Be7 5. d4 O-O 6. O-O Nbd7 7. Qc2 c6 8. Nbd2
a5 9. e4 b6 10. e5 Ne8 11. cxd5 cxd5 12. Re1 Ba6 13. Nf1 Rc8 14. Qd1 g6 15. h4
Ng7 16. Bg5 Nf5 17. N1h2 h6 18. Bxe7 Qxe7 19. Ng4 Kg7 20. Ne3 Nxe3 21. Rxe3 Rc7
22. Rc1 Rfc8 23. Rec3 Rxc3 24. Rxc3 Rxc3 25. bxc3 Qa3 26. Qc2 Bc4 27. Bf1 Bxa2
28. Nd2 a4 29. Bb5 Bb3 30. Qb1 Nf8 31. Kg2 Nh7 32. g4 Qe7 33. Kh3 f6 34. Nxb3
axb3 35. Qxb3 fxe5 36. dxe5 Qf7 37. Kg3 g5 38. hxg5 Nxg5 39. Qa2 Qf3+ 40. Kh2
Qh3+ 0-1

[Event "English Open 2025"]
[Site "Kenilworth ENG"]
[Date "2025.07.20"]
[Round "6.15"]
[White "Merriman, James"]
[Black "Norris, Zack"]
[Result "1-0"]
[WhiteElo "2048"]
[BlackElo "2032"]
[WhiteFideId "452270"]
[BlackFideId "343431216"]
[EventDate "2025.07.18"]

1. d4 Nf6 2. c4 g6 3. f3 Bg7 4. e4 d6 5. Nc3 O-O 6. Bg5 c5 7. d5 e6 8. Qd2 exd5
9. cxd5 a6 10. a4 Nbd7 11. Nh3 Qa5 12. Ra3 Ne5 13. Nf2 h5 14. Be2 Re8 15. O-O
Nh7 16. Bh6 Bh8 17. f4 Nd7 18. Bxh5 gxh5 19. Nb1 Qxd2 20. Rg3+ Ng5 21. Nxd2 Kh7
22. Bxg5 b5 23. b3 Bd4 24. f5 Ne5 25. Rh3 c4 26. Rxh5+ Kg7 27. Bh6+ Kf6 28. Bg5+
Kg7 29. bxc4 bxa4 30. Bh6+ Kf6 31. Bg5+ Kg7 32. Rh3 Rb8 33. Be3 Bxe3 34. Rxe3
Rb2 35. Rd1 Bd7 36. Nd3 Rc2 37. Nxe5 Rxe5 38. g4 Re8 39. Kf1 Rb8 40. Ra3 Rbb2
41. Ke1 Kf6 42. h4 Kg7 43. g5 Kh7 44. h5 Be8 45. Rg3 f6 46. g6+ Kg7 47. h6+ Kg8
48. h7+ Kg7 49. Rh3 Bxg6 50. h8=Q+ Kf7 51. fxg6+ Ke7 52. Rh7# 1-0

[Event "English Open 2025"]
[Site "Kenilworth ENG"]
[Date "2025.07.20"]
[Round "6.16"]
[White "Savidge, Daniel"]
[Black "Vaidyanathan, Adithya"]
[Result "1/2-1/2"]
[WhiteElo "2141"]
[BlackElo "2094"]
[WhiteFideId "450332"]
[BlackFideId "495450"]
[EventDate "2025.07.18"]

1. e4 c5 2. b3 g6 3. Bb2 Nf6 4. Nc3 Nc6 5. Nd5 Bg7 6. Nxf6+ exf6 7. Bc4 O-O 8.
Ne2 d6 9. O-O f5 10. Bxg7 Kxg7 11. d3 Ne7 12. Nf4 Rb8 13. a4 b6 14. Re1 Bb7 15.
Qd2 d5 16. exd5 Nxd5 17. Nxd5 Bxd5 18. Qc3+ f6 19. Re2 Bxc4 20. Qxc4 Qd7 21.
Rae1 Rbe8 22. Re6 Rxe6 23. Qxe6 Qd4 24. h3 f4 25. Re4 Qb2 26. Qc4 Rf7 27. Rxf4
Re7 28. Re4 Rxe4 29. dxe4 Qc1+ 30. Kh2 Qf4+ 1/2-1/2